[Event "Championnat de France - Open B"]
[Site "Belfort"]
[Date "2010.08.10"]
[Round "1.1"]
[White "Devallee, Jeremie"]
[Black "Jacquot, Adrien"]
[Result "1-0"]
[WhiteElo "1990"]
[BlackElo "1871"]
[PlyCount "68"]
[EventDate "2010.??.??"]

1. e4 c5 2. d4 cxd4 3. c3 d3 4. Bxd3 Nc6 5. Ne2 d6 6. O-O g6 7. Be3 Bg7 8. f4
Nf6 9. h3 O-O 10. Nd2 Bd7 11. g4 Qc8 12. Ng3 a6 13. Nf3 Qc7 14. Qd2 Rad8 15. g5
Ne8 16. h4 Bg4 17. Nh2 Bd7 18. Qe2 Qc8 19. Bb6 Nc7 20. Rad1 Rde8 21. Bc4 Na8
22. Be3 Na5 23. Bd3 b5 24. f5 Nc4 25. Bxc4 bxc4 26. f6 Bh8 27. e5 dxe5 28. Rxd7
Qxd7 29. Ng4 h6 30. h5 Qd3 31. Qh2 gxh5 32. Nxh6+ Kh7 33. Nhf5 Bxf6 34. Qxh5+
Kg8 1-0

[Event "Championnat de France - Open B"]
[Site "Belfort"]
[Date "2010.08.10"]
[Round "1.2"]
[White "Crapon, Laurent"]
[Black "Elice, Florent"]
[Result "1/2-1/2"]
[WhiteElo "1870"]
[BlackElo "1990"]
[PlyCount "48"]
[EventDate "2010.??.??"]

1. d4 Nf6 2. Nf3 e6 3. c4 b6 4. Nc3 Bb7 5. Bg5 Bb4 6. e3 O-O 7. Be2 d6 8. O-O
Bxc3 9. bxc3 Nbd7 10. Nd2 h6 11. Bxf6 Qxf6 12. Bf3 Bxf3 13. Qxf3 Qe7 14. Qc6
Rac8 15. a4 a5 16. h3 f5 17. f4 e5 18. fxe5 dxe5 19. Rae1 Kh7 20. Qb7 g6 21.
Qc6 e4 22. Qb5 Ra8 23. Qc6 Nf6 24. Rb1 Rab8 1/2-1/2

[Event "Championnat de France - Open B"]
[Site "Belfort"]
[Date "2010.08.10"]
[Round "1.3"]
[White "Thomas, Vincent"]
[Black "Rosalie, Lucas"]
[Result "1-0"]
[WhiteElo "1987"]
[BlackElo "1870"]
[PlyCount "105"]
[EventDate "2010.??.??"]

1. c4 e5 2. g3 Nc6 3. Nc3 Nf6 4. Bg2 Bc5 5. Nf3 d6 6. O-O a6 7. a3 Be6 8. d3 h6
9. b4 Ba7 10. Bb2 Qd7 11. Re1 O-O 12. Nd2 Rab8 13. Nd5 Bxd5 14. cxd5 Ne7 15.
Qb3 Ng4 16. e3 f5 17. h3 Nf6 18. Re2 f4 19. exf4 exf4 20. g4 Rf7 21. Be4 Nh7
22. Kg2 Ng5 23. Nf3 Nxf3 24. Kxf3 Rbf8 25. Rh1 c6 26. h4 cxd5 27. Bxd5 Nxd5 28.
Qxd5 Qc6 29. Qxc6 bxc6 30. Re6 Rd8 31. g5 h5 32. g6 Rfd7 33. Rhe1 Kf8 34. R1e4
Rb7 35. Rxf4+ Kg8 36. Bd4 Bxd4 37. Rxd4 Rbd7 38. Kf4 Kf8 39. Kg5 Re7 40. Rf4+
Ke8 41. Rxe7+ Kxe7 42. Rf7+ Ke6 43. Rxg7 Rf8 44. Rf7 Rxf7 45. gxf7 Kxf7 46.
Kxh5 Kf6 47. Kg4 Kg6 48. f4 c5 49. bxc5 dxc5 50. f5+ Kf6 51. Kf4 a5 52. h5 a4
53. h6 1-0

[Event "Championnat de France - Open B"]
[Site "Belfort"]
[Date "2010.08.10"]
[Round "1.4"]
[White "Roussey, Quentin"]
[Black "Humeau, Mickael"]
[Result "1/2-1/2"]
[WhiteElo "1870"]
[BlackElo "1984"]
[PlyCount "206"]

1. Nf3 c5 2. c4 Nc6 3. g3 g6 4. Bg2 Bg7 5. O-O e5 6. Nc3 Nge7 7. d3 O-O 8. a3
Rb8 9. Rb1 a5 10. e4 d6 11. Bd2 Be6 12. Nd5 b5 13. b4 axb4 14. axb4 cxb4 15.
cxb5 Rxb5 16. Qa4 Rb7 17. Rfc1 Bd7 18. Qa6 Qb8 19. Be3 Nxd5 20. exd5 Ne7 21.
Nd2 Bb5 22. Qa5 Bxd3 23. Rb3 Bf5 24. Nc4 Rb5 25. Qa6 Rd8 26. Bb6 Rxb6 27. Qxb6
Qxb6 28. Nxb6 Rb8 29. Rxb4 Nc8 30. Nxc8 Rxb4 31. Nxd6 Bd7 32. Bf3 Bh3 33. Bg2
Bxg2 34. Kxg2 Rd4 35. Nc8 Bf8 36. Rc7 Rxd5 37. Nb6 Rc5 38. Ra7 Rc2 39. Nd7 Bd6
40. Nf6+ Kf8 41. Nxh7+ Kg7 42. Ng5 Rxf2+ 43. Kxf2 Bc5+ 44. Kf3 Bxa7 45. Ke4 f6
46. Nf3 Kf7 47. Kd5 Be3 48. h3 Bf2 49. g4 g5 50. Nd2 Bg3 51. Ne4 Bf4 52. Nd6+
Kg6 53. Ke6 Bc1 54. Ne4 Bb2 55. Nxf6 Bc3 56. Ne4 Bd4 57. Kd5 Bb2 58. Nc5 e4 59.
Nxe4 Bc1 60. Ke6 Bb2 61. Nd6 Ba3 62. Nf5 Bc1 63. Ne7+ Kg7 64. Kf5 Bd2 65. Nc6
Be3 66. Nd8 Bd2 67. Ne6+ Kh6 68. Kf6 Bc3+ 69. Kf7 Be5 70. Nf8 Bb2 71. Ng6 Bc3
72. Ne7 Bb2 73. Ng8+ Kh7 74. Nf6+ Kh6 75. Ne4 Bd4 76. Ke6 Kg6 77. Nd6 Bb2 78.
Nf5 Bc1 79. Ne7+ Kg7 80. Kf5 Kh6 81. Ng8+ Kg7 82. Nf6 Kh6 83. Ne4 Be3 84. Nd6
Kg7 85. Nc4 Bc1 86. Ne5 Be3 87. Nf3 Kh6 88. Kf6 Bc1 89. Ne5 Bb2 90. Kf5 Kg7 91.
Nf3 Bc1 92. Nxg5 Kh6 93. Ne6 Bd2 94. h4 Be1 95. g5+ Kh5 96. Nd4 Bxh4 97. g6 Kh6
98. Ne6 Be7 99. Nc7 Kg7 100. Ne8+ Kg8 101. Ke6 Ba3 102. g7 Bf8 103. gxf8=Q+
Kxf8 1/2-1/2

[Event "Championnat de France - Open B"]
[Site "Belfort"]
[Date "2010.08.10"]
[Round "1.5"]
[White "Najart, David"]
[Black "Crahan, Alan"]
[Result "1-0"]
[WhiteElo "1983"]
[BlackElo "1868"]
[PlyCount "47"]
[EventDate "2010.??.??"]

1. d4 Nf6 2. c4 g6 3. Nc3 Bg7 4. e4 d6 5. Be2 O-O 6. Nf3 c5 7. d5 e5 8. O-O h6
9. Ne1 g5 10. a3 Na6 11. Rb1 Nh7 12. b4 cxb4 13. axb4 f5 14. Nd3 fxe4 15. Nxe4
Bf6 16. Ng3 Bd7 17. Be3 Nc7 18. b5 b6 19. Nb4 a5 20. Nc6 Bxc6 21. bxc6 b5 22.
cxb5 Rf7 23. b6 Na6 24. b7 1-0

[Event "Championnat de France - Open B"]
[Site "Belfort"]
[Date "2010.08.10"]
[Round "1.6"]
[White "Gelfert, Yann"]
[Black "Gaillard, Michel"]
[Result "1/2-1/2"]
[WhiteElo "1867"]
[BlackElo "1982"]
[PlyCount "71"]
[EventDate "2010.??.??"]

1. e4 c5 2. Nf3 e6 3. d4 cxd4 4. Nxd4 Nf6 5. Bd3 a6 6. Qe2 d6 7. O-O Be7 8. Be3
O-O 9. Nd2 Nbd7 10. c3 Qc7 11. h3 d5 12. c4 dxe4 13. Nxe4 Nxe4 14. Bxe4 g6 15.
Rac1 Nf6 16. Bb1 e5 17. Nf3 Nd7 18. Ng5 Bf6 19. b4 Bg7 20. Rfd1 h6 21. Ne4 Nb6
22. c5 Nd7 23. Rd6 f5 24. Rxg6 fxe4 25. Bxh6 Rf7 26. Qc4 Kf8 27. Bxg7+ Rxg7 28.
Rxg7 Kxg7 29. Bxe4 Nf6 30. Rc3 Qe7 31. Rg3+ Kf8 32. Rf3 Be6 33. Qc2 Kg7 34.
Rg3+ Kf8 35. Rf3 Kg7 36. Rg3+ 1/2-1/2

[Event "Championnat de France - Open B"]
[Site "Belfort"]
[Date "2010.08.10"]
[Round "1.7"]
[White "Maruejols, Claude"]
[Black "Etienne, Berenger"]
[Result "1/2-1/2"]
[WhiteElo "1974"]
[BlackElo "1860"]
[PlyCount "105"]
[EventDate "2010.??.??"]

1. d4 e6 2. c4 d5 3. Nc3 Bb4 4. a3 Bxc3+ 5. bxc3 Nf6 6. cxd5 exd5 7. e3 O-O 8.
Bd3 Nc6 9. Ne2 Ne7 10. Ng3 Re8 11. O-O c5 12. Bb2 c4 13. Bc2 Ng6 14. Qd2 Ne4
15. Nxe4 dxe4 16. f3 f5 17. a4 a5 18. Ba3 Qd5 19. Rab1 Bd7 20. fxe4 fxe4 21.
Qf2 Ra6 22. Qg3 Rae6 23. Rf2 Rf6 24. Rxf6 gxf6 25. Qc7 Bc6 26. Rf1 Qg5 27. Qg3
Qxg3 28. hxg3 Kf7 29. Rf5 b6 30. Rh5 Kg7 31. Kf2 Ne7 32. Bxe7 Rxe7 33. g4 Re8
34. Kg3 h6 35. Kf4 Re7 36. d5 Bd7 37. Rh1 Re5 38. Rd1 Kf7 39. Rd4 Rg5 40. Bd1
Re5 41. Rxc4 Rxd5 42. Bb3 Kf8 43. Rd4 Rxd4 44. cxd4 Ke7 45. Bd1 Ke6 46. Kxe4
Bc6+ 47. Kf4 Bxg2 48. Bb3+ Bd5 49. Bc2 Bc4 50. e4 b5 51. axb5 Bxb5 52. Bb3+ Ke7
53. Ke3 1/2-1/2

[Event "Championnat de France - Open B"]
[Site "Belfort"]
[Date "2010.08.10"]
[Round "1.8"]
[White "Jourde, Michel"]
[Black "Deneuville, Ludovic"]
[Result "0-1"]
[WhiteElo "1859"]
[BlackElo "1968"]
[PlyCount "78"]
[EventDate "2010.??.??"]

1. e4 c5 2. d4 cxd4 3. c3 dxc3 4. Nxc3 Nc6 5. Nf3 d6 6. Bc4 e6 7. O-O a6 8. Qc2
Nge7 9. Bf4 Ng6 10. Bg3 Be7 11. Rfd1 Qc7 12. Rac1 O-O 13. Bb3 Qb8 14. h4 Rd8
15. h5 Nge5 16. Nh2 Qa7 17. Qd2 h6 18. Kh1 b5 19. f4 Nd7 20. Bf2 Nc5 21. Qe2
Qc7 22. Bc2 Bb7 23. Ng4 Qa5 24. Nd5 Bf8 25. b4 Nxb4 26. Nxb4 Qxb4 27. Bd4 e5
28. fxe5 dxe5 29. Bxe5 Rxd1+ 30. Rxd1 Nxe4 31. Nxh6+ gxh6 32. Qg4+ Ng5 33. Bh7+
Kxh7 34. Qf5+ Kg8 35. Qf6 Qh4+ 36. Kg1 Bc5+ 37. Kf1 Bxg2+ 38. Ke2 Bf3+ 39. Kd3
Qc4+ 0-1

[Event "Championnat de France - Open B"]
[Site "Belfort"]
[Date "2010.08.10"]
[Round "1.9"]
[White "Graillon, David"]
[Black "Bailly, Luc"]
[Result "0-1"]
[WhiteElo "1965"]
[BlackElo "1857"]
[PlyCount "71"]
[EventDate "2010.??.??"]

1. e4 c5 2. Nf3 Nc6 3. c3 d5 4. exd5 Qxd5 5. Na3 Bg4 6. Be2 Nf6 7. Nc2 Qd6 8.
d4 cxd4 9. Ncxd4 a6 10. O-O Rd8 11. Qb3 Nxd4 12. Nxd4 Bxe2 13. Nxe2 Qd5 14.
Qxd5 Nxd5 15. Nf4 Nxf4 16. Bxf4 e6 17. Rad1 Be7 18. Rxd8+ Kxd8 19. Rd1+ Kc8 20.
Rd4 b5 21. Kf1 Rd8 22. Rxd8+ Kxd8 23. Ke2 Kd7 24. Kd3 Bd6 25. Bxd6 Kxd6 26. Kd4
h6 27. f4 f6 28. h4 h5 29. g3 a5 30. b3 g6 31. a3 e5+ 32. fxe5+ fxe5+ 33. Ke4
a4 34. bxa4 bxa4 35. c4 Kc5 36. Kxe5 0-1

[Event "Championnat de France - Open B"]
[Site "Belfort"]
[Date "2010.08.10"]
[Round "1.10"]
[White "Gattuso, Christophe"]
[Black "Guilbert, Jean-Louis"]
[Result "1/2-1/2"]
[WhiteElo "1857"]
[BlackElo "1957"]
[PlyCount "88"]
[EventDate "2010.??.??"]

1. e4 c5 2. Nf3 e6 3. d4 cxd4 4. Nxd4 a6 5. Nc3 Qc7 6. Bg5 Bb4 7. Qd3 Bxc3+ 8.
bxc3 Nf6 9. f3 Nc6 10. Qd2 b6 11. Bd3 Bb7 12. Rb1 b5 13. O-O Rc8 14. Nxc6 Qxc6
15. Rb3 Qb6+ 16. Kh1 Qa5 17. Rfb1 d5 18. Bxf6 gxf6 19. a4 dxe4 20. Bxb5+ axb5
21. Rxb5 Qxc3 22. Qxc3 Rxc3 23. Rxb7 O-O 24. fxe4 Rxc2 25. R7b2 Rxb2 26. Rxb2
Rc8 27. Kg1 Rc1+ 28. Kf2 Ra1 29. Rb8+ Kg7 30. Ra8 Kg6 31. h3 Kg5 32. Kg3 Ra3+
33. Kh2 Kf4 34. Ra7 Kxe4 35. Rxf7 f5 36. Rxh7 Rxa4 37. h4 Kf4 38. Rg7 Ke5 39.
g3 Ra2+ 40. Kh3 Kf6 41. Rg8 e5 42. h5 Ra7 43. Rg6+ Kf7 44. Kh4 Ra3 1/2-1/2

[Event "Championnat de France - Open B"]
[Site "Belfort - SNPHHUATVS"]
[Date "2010.08.11"]
[Round "2.1"]
[White "Saban, Hassan"]
[Black "Devallee, Jeremie"]
[Result "0-1"]
[WhiteElo "1887"]
[BlackElo "1990"]
[PlyCount "52"]

1. e4 e6 2. d4 d5 3. exd5 exd5 4. c4 Nf6 5. Nc3 Nc6 6. c5 Ne7 7. Bg5 c6 8. Bxf6
gxf6 9. g3 h5 10. Nf3 Bh6 11. Bg2 Ng6 12. h4 Bg4 13. O-O Rg8 14. Re1+ Kf8 15.
Qd3 Rg7 16. Kf1 Qd7 17. Ng1 Kg8 18. b4 Kh8 19. a4 Rag8 20. b5 Nxh4 21. Ra2 Nf5
22. bxc6 bxc6 23. Nce2 h4 24. Rb2 h3 25. Nxh3 Bxh3 26. Reb1 Nh4 0-1

[Event "Championnat de France - Open B"]
[Site "Belfort - SNPHHUATVS"]
[Date "2010.08.11"]
[Round "2.2"]
[White "Scamps, Guillaume"]
[Black "Thomas, Vincent"]
[Result "0-1"]
[WhiteElo "1885"]
[BlackElo "1987"]
[PlyCount "28"]

1. d4 Nf6 2. Nf3 c5 3. c4 cxd4 4. Nxd4 e5 5. Nf3 Nc6 6. Nc3 Bb4 7. Qc2 O-O 8.
e3 d5 9. Bd2 d4 10. Ne4 dxe3 11. fxe3 Bxd2+ 12. Nfxd2 Bf5 13. Be2 Nxe4 14. Nxe4
Qh4+ 0-1

[Event "Championnat de France - Open B"]
[Site "Belfort - SNPHHUATVS"]
[Date "2010.08.11"]
[Round "2.3"]
[White "Abdesselem, Ahmed"]
[Black "Najart, David"]
[Result "1-0"]
[WhiteElo "1883"]
[BlackElo "1983"]
[PlyCount "71"]

1. e4 c5 2. Nf3 d6 3. Nc3 Nf6 4. Bc4 e6 5. O-O a6 6. d4 cxd4 7. Qxd4 Nc6 8. Qd3
Qc7 9. a3 Ng4 10. Bb3 Be7 11. h3 Nge5 12. Nxe5 dxe5 13. Qg3 O-O 14. Bh6 Bf6 15.
Rad1 b5 16. Rd3 Bb7 17. Qg4 Kh8 18. Rf3 Qe7 19. Be3 Nd4 20. Rg3 Rg8 21. Bxd4
exd4 22. Nd1 Bh4 23. Rd3 g6 24. e5 f5 25. exf6 Bxf6 26. Re1 Bc8 27. Qe4 Bd7 28.
c3 dxc3 29. Nxc3 Rge8 30. Qb7 Rad8 31. Qxa6 b4 32. Nd5 Bc8 33. Qa5 Qf7 34. Nxb4
Bd4 35. Rf3 Qd7 36. Ba4 1-0

[Event "Championnat de France - Open B"]
[Site "Belfort - SNPHHUATVS"]
[Date "2010.08.11"]
[Round "2.4"]
[White "Deneuville, Ludovic"]
[Black "Graton, Tanguy"]
[Result "0-1"]
[WhiteElo "1968"]
[BlackElo "1887"]
[PlyCount "66"]

1. d4 e6 2. Nf3 b6 3. e4 d5 4. e5 c5 5. c3 Ne7 6. Bd3 Nec6 7. a3 Ba6 8. O-O
Bxd3 9. Qxd3 Na5 10. Nbd2 c4 11. Qc2 b5 12. Re1 Nbc6 13. Nf1 Nb3 14. Rb1 Be7
15. Be3 O-O 16. N3d2 Nca5 17. f4 Qd7 18. Nf3 Nc6 19. g4 Kh8 20. Ng3 a5 21. h4
b4 22. axb4 axb4 23. Ng5 Bxg5 24. hxg5 Ra2 25. Re2 bxc3 26. Rh2 g6 27. Qxc3
Rfa8 28. f5 Ra1 29. Rxa1 Rxa1+ 30. Nf1 exf5 31. Bf2 fxg4 32. Kg2 Qf5 33. Ng3
Qf3+ 0-1

[Event "Championnat de France - Open B"]
[Site "Belfort - SNPHHUATVS"]
[Date "2010.08.11"]
[Round "2.5"]
[White "Ferre, Sebastien"]
[Black "Lorieux, Christian"]
[Result "0-1"]
[WhiteElo "1879"]
[BlackElo "1954"]
[PlyCount "90"]

1. d4 f5 2. Nf3 Nf6 3. g3 g6 4. Bg2 Bg7 5. c4 d6 6. Nc3 O-O 7. O-O Nc6 8. Rb1
Ne4 9. e3 e5 10. d5 Nxc3 11. bxc3 Na5 12. Nd2 e4 13. Qc2 b6 14. Rb4 Bd7 15. Ba3
Qf6 16. Rc1 Nb7 17. Rbb1 Nd8 18. Nb3 Nf7 19. Nd4 Ne5 20. Qe2 a5 21. Rd1 Bc8 22.
Nb5 Rf7 23. Bb2 Ba6 24. a4 Re8 25. Ba1 Nd3 26. Rxd3 exd3 27. Qxd3 g5 28. Nd4
Bc8 29. Ne6 Bh6 30. c5 dxc5 31. c4 Qg6 32. Qc3 Rfe7 33. Qd3 Bxe6 34. dxe6 Bg7
35. Bc6 Rf8 36. Bxg7 Kxg7 37. Bd7 Rd8 38. Qd5 Qf6 39. Rd1 Rxe6 40. Qb7 Rd6 41.
Rxd6 Qxd6 42. Bxf5 Qe5 43. Qf3 Rd2 44. Be4 Ra2 45. Bd5 Qf6 0-1

[Event "Championnat de France - Open B"]
[Site "Belfort - SNPHHUATVS"]
[Date "2010.08.11"]
[Round "2.6"]
[White "Messinger, Karl"]
[Black "Mannheim, Pascal"]
[Result "1-0"]
[WhiteElo "1870"]
[BlackElo "1950"]
[PlyCount "55"]

1. e4 c5 2. Nf3 e6 3. d4 cxd4 4. Nxd4 Nf6 5. Nc3 Bb4 6. Bg5 Qa5 7. Bd2 Qb6 8.
Nb3 Nc6 9. Bd3 a6 10. O-O O-O 11. Re1 Ne5 12. Na4 Qd6 13. f4 Nxd3 14. cxd3 Bxd2
15. Qxd2 Qc6 16. Nc3 b5 17. Rac1 Qb6+ 18. Qf2 Qd8 19. Rc2 Bb7 20. Rec1 Ng4 21.
Qg3 f5 22. h3 Qb6+ 23. Kh1 Nf6 24. e5 Nd5 25. Nxd5 Bxd5 26. Nc5 Bc6 27. Nxe6
Bxg2+ 28. Rxg2 1-0

[Event "Championnat de France - Open B"]
[Site "Belfort - SNPHHUATVS"]
[Date "2010.08.11"]
[Round "2.7"]
[White "Bailly, Luc"]
[Black "Schaub, Marc"]
[Result "1-0"]
[WhiteElo "1857"]
[BlackElo "1948"]
[PlyCount "59"]

1. d4 Nf6 2. e3 g6 3. Bd3 d5 4. f4 Bg7 5. Nd2 c5 6. c3 O-O 7. Ngf3 Nc6 8. O-O
Bf5 9. Bxf5 gxf5 10. Ne5 Nxe5 11. fxe5 Ng4 12. Nb3 cxd4 13. exd4 Qb6 14. Kh1 f6
15. Rxf5 fxe5 16. Qxg4 Rxf5 17. Qxf5 Rf8 18. Qd3 Qg6 19. Qd1 Rf2 20. Qg1 Re2
21. Bd2 exd4 22. Re1 d3 23. Rxe2 dxe2 24. Qe1 Qh5 25. Nc1 Be5 26. h3 Bd6 27.
Qxe2 Qxe2 28. Nxe2 e5 29. g4 Kf7 30. Kg2 1-0

[Event "Championnat de France - Open B"]
[Site "Belfort - SNPHHUATVS"]
[Date "2010.08.11"]
[Round "2.8"]
[White "Constantin, Francois"]
[Black "Sivan, Michel"]
[Result "1/2-1/2"]
[WhiteElo "1947"]
[BlackElo "1887"]
[PlyCount "50"]

1. c4 Nf6 2. Nc3 g6 3. g3 e5 4. Bg2 Bg7 5. e4 c6 6. Nge2 O-O 7. O-O d6 8. d3
Nh5 9. Be3 Nd7 10. g4 Nhf6 11. Ng3 Nc5 12. h3 Ne6 13. Nge2 Nd7 14. Qd2 b6 15.
f4 exf4 16. Nxf4 Nxf4 17. Bxf4 Be5 18. d4 Bxf4 19. Qxf4 Qe7 20. Rae1 Bb7 21. e5
dxe5 22. dxe5 Nc5 23. Qf6 Qxf6 24. exf6 Ne6 25. Rd1 Rad8 1/2-1/2

[Event "Championnat de France - Open B"]
[Site "Belfort - SNPHHUATVS"]
[Date "2010.08.11"]
[Round "2.9"]
[White "Schlienger, Jean-Philippe"]
[Black "Turmel, Fabien"]
[Result "0-1"]
[WhiteElo "1944"]
[BlackElo "1885"]
[PlyCount "110"]

1. e4 c5 2. c3 Nf6 3. e5 Nd5 4. d4 cxd4 5. Nf3 Nc6 6. cxd4 d6 7. Bc4 e6 8. O-O
Be7 9. Re1 O-O 10. Nc3 Nxc3 11. bxc3 dxe5 12. Nxe5 Nxe5 13. Rxe5 Qc7 14. Qd3
Bf6 15. Rc5 Qd8 16. Bf4 b6 17. Rb5 a6 18. Rb2 b5 19. Bb3 g6 20. Bc2 Bb7 21. a4
Bc6 22. axb5 axb5 23. Rab1 Ra3 24. Rb3 Qa8 25. Qg3 Rxb3 26. Rxb3 Qa2 27. Qd3
Rd8 28. Qe2 Bd5 29. Rb1 Rc8 30. Bd3 Qxe2 31. Bxe2 Rxc3 32. Rxb5 Bxd4 33. Bh6
Rb3 34. Rxb3 Bxb3 35. Kf1 f5 36. Bb5 e5 37. f3 Bd5 38. Bd3 Kf7 39. Bg5 Ke6 40.
Be2 Bc5 41. Bd2 Be7 42. Bc3 Bf6 43. Bd2 Bd8 44. Kf2 Bb6+ 45. Kf1 Bb3 46. g3 Kd5
47. Kg2 Bc4 48. Bd1 e4 49. fxe4+ fxe4 50. Be1 Kd4 51. g4 Bd5 52. Kf1 e3 53. Ke2
Ke4 54. Bc2+ Kf4 55. h3 Bf3+ 0-1

[Event "Championnat de France - Open B"]
[Site "Belfort - SNPHHUATVS"]
[Date "2010.08.11"]
[Round "2.10"]
[White "Groshenny, Claude"]
[Black "Roubert, Emile"]
[Result "0-1"]
[WhiteElo "1840"]
[BlackElo "1942"]
[PlyCount "52"]

1. d4 Nf6 2. c4 c5 3. d5 e6 4. dxe6 fxe6 5. Nc3 d5 6. cxd5 exd5 7. Bg5 d4 8.
Ne4 Be7 9. Nxf6+ Bxf6 10. Bxf6 Qxf6 11. g3 O-O 12. Nf3 Nc6 13. Bg2 Bg4 14. O-O
Rae8 15. Qd2 Re7 16. Rae1 Rfe8 17. Kh1 Kh8 18. a3 a5 19. Ng1 b6 20. Bxc6 Qxc6+
21. f3 Bc8 22. Rc1 Qb5 23. Rc2 Bf5 24. Rcc1 h6 25. Rfd1 g5 26. h4 Rxe2 0-1

[Event "Championnat de France - Open B"]
[Site "Belfort - SNPHHUATVS"]
[Date "2010.08.12"]
[Round "3.1"]
[White "Devallee, Jeremie"]
[Black "Aumont, Alexandre"]
[Result "1/2-1/2"]
[WhiteElo "1990"]
[BlackElo "1898"]
[PlyCount "55"]

1. e4 c5 2. Nf3 d6 3. d3 Nc6 4. c3 Nf6 5. h3 d5 6. e5 Nd7 7. d4 e6 8. a3 a6 9.
b4 cxd4 10. cxd4 b5 11. Bb2 Nb6 12. Nc3 Be7 13. Qc2 Bb7 14. Bd3 Nc4 15. O-O Qb6
16. Ne2 Rc8 17. Rfb1 Nb8 18. Bc3 Nd7 19. a4 h6 20. a5 Qc7 21. Qd1 Nf8 22. Nh2
Kd7 23. f4 Re8 24. Nf1 Kc8 25. Be1 Kb8 26. Qb3 Ka8 27. Rc1 Qd7 28. Nd2 1/2-1/2

[Event "Championnat de France - Open B"]
[Site "Belfort - SNPHHUATVS"]
[Date "2010.08.12"]
[Round "3.2"]
[White "Thomas, Vincent"]
[Black "Dugardin, Patrick"]
[Result "1/2-1/2"]
[WhiteElo "1987"]
[BlackElo "1892"]
[PlyCount "46"]

1. c4 e5 2. g3 Nf6 3. Bg2 d5 4. cxd5 Nxd5 5. Nf3 Nc6 6. O-O Be7 7. d4 exd4 8.
Nxd4 Nxd4 9. Qxd4 Nf6 10. Qa4+ c6 11. Rd1 Qb6 12. Be3 Bc5 13. Bxc5 Qxc5 14. Nc3
O-O 15. Rac1 Qe7 16. b4 a6 17. Qb3 Be6 18. Qb1 Rad8 19. a4 Rxd1+ 20. Rxd1 Ng4
21. Bf3 Ne5 22. Bg2 Ng4 23. Bf3 Ne5 1/2-1/2

[Event "Championnat de France - Open B"]
[Site "Belfort - SNPHHUATVS"]
[Date "2010.08.12"]
[Round "3.3"]
[White "Lorieux, Christian"]
[Black "Pouchon, Mickael"]
[Result "0-1"]
[WhiteElo "1954"]
[BlackElo "1889"]
[PlyCount "112"]

1. f4 c5 2. Nf3 f5 3. b3 Nf6 4. Bb2 e6 5. Nc3 d5 6. e3 Be7 7. Ne5 O-O 8. Ne2
Bd7 9. g3 Be8 10. Bg2 Nc6 11. O-O b5 12. h3 Rb8 13. Kh2 Qc7 14. Ng1 Bh5 15. g4
fxg4 16. hxg4 Nxe5 17. Bxe5 Nxg4+ 18. Kh1 Nxe5 19. Qxh5 Rf5 20. Qe2 Ng6 21. Bh3
Rf6 22. a4 a6 23. axb5 axb5 24. Ra6 e5 25. Be6+ Kh8 26. f5 d4 27. Rfa1 Nf8 28.
Ra7 Qd8 29. R1a6 Nxe6 30. fxe6 Rxe6 31. Rxe6 Qd5+ 32. Qf3 Qxe6 33. Ra8 Rg8 34.
Nh3 e4 35. Rxg8+ Kxg8 36. Qh5 Qf7 37. Qe5 dxe3 38. dxe3 g5 39. Qxe4 h6 40. Kg2
Qf6 41. Nf2 h5 42. Nd3 Kg7 43. Qb7 c4 44. bxc4 bxc4 45. Nb4 Qe5 46. Nd5 Qe4+
47. Kf1 Kf7 48. Qd7 h4 49. Nxe7 Qxe7 50. Qd5+ Qe6 51. Qxg5 Qf6+ 52. Qf4 Qxf4+
53. exf4 Kf6 54. Kg2 Kf5 55. Kf3 h3 56. Kg3 h2 0-1

[Event "Championnat de France - Open B"]
[Site "Belfort - SNPHHUATVS"]
[Date "2010.08.12"]
[Round "3.4"]
[White "Roubert, Emile"]
[Black "Graton, Tanguy"]
[Result "0-1"]
[WhiteElo "1942"]
[BlackElo "1887"]
[PlyCount "32"]

1. e4 e6 2. d4 d5 3. Nc3 Nf6 4. e5 Nfd7 5. f4 c5 6. Nf3 Nc6 7. Be3 cxd4 8. Nxd4
Bb4 9. Qg4 O-O 10. Bd3 Nc5 11. O-O Nxd3 12. cxd3 Bc5 13. f5 exf5 14. Qf4 g5 15.
Qf2 f4 16. Nxc6 Bxe3 0-1

[Event "Championnat de France - Open B"]
[Site "Belfort - SNPHHUATVS"]
[Date "2010.08.12"]
[Round "3.5"]
[White "Plantet, Marc"]
[Black "Abdesselem, Ahmed"]
[Result "1-0"]
[WhiteElo "1938"]
[BlackElo "1883"]
[PlyCount "119"]

1. e4 c5 2. Nf3 Nc6 3. d4 cxd4 4. Nxd4 g6 5. Be2 Bg7 6. Be3 Nf6 7. Nc3 O-O 8.
O-O d5 9. exd5 Nxd5 10. Nxd5 Qxd5 11. Bf3 Qc4 12. Nxc6 bxc6 13. b3 Qc3 14. Rc1
Be6 15. Bd2 Qb2 16. a4 Rfd8 17. Qe2 Bxb3 18. Ba5 Bxa4 19. Bxd8 Rxd8 20. Qxe7
Rd2 21. Rb1 Qe5 22. Qxa7 Qd4 23. Rb8+ Bf8 24. Qe7 Qg7 25. Qb4 Rd4 26. c4 Bc2
27. Re1 Rd3 28. Be4 Rb3 29. Rxf8+ Qxf8 30. Qxf8+ Kxf8 31. Bxc2 Rc3 32. Re2 Rxc4
33. f3 c5 34. Kf1 h6 35. Ke1 f5 36. Kd2 Kg7 37. Re7+ Kf6 38. Rf7+ Kg5 39. h3 h5
40. h4+ Kh6 41. f4 Rd4+ 42. Kc3 Rd8 43. Rc7 Ra8 44. Rxc5 Ra1 45. Kd2 Rg1 46.
Rc3 Kg7 47. Ke2 Ra1 48. Bb3 Ra3 49. Rc7+ Kf8 50. Rb7 Ra6 51. Rf7+ Ke8 52. Rg7
Kf8 53. Rb7 Rc6 54. Kd3 Rd6+ 55. Kc4 Re6 56. Kd4 Rd6+ 57. Ke5 Ra6 58. Be6 Ra8
59. Kf6 Re8 60. Rh7 1-0

[Event "Championnat de France - Open B"]
[Site "Belfort - SNPHHUATVS"]
[Date "2010.08.12"]
[Round "3.6"]
[White "Turmel, Fabien"]
[Black "Cornier, Jeremy"]
[Result "1-0"]
[WhiteElo "1885"]
[BlackElo "1918"]
[PlyCount "65"]

1. d4 d5 2. c4 e6 3. Nc3 Nf6 4. Nf3 b6 5. Bg5 Be7 6. Qa4+ Bd7 7. Qc2 Bc6 8. Ne5
Bb7 9. Qa4+ Nbd7 10. Nc6 Bxc6 11. Qxc6 dxc4 12. e4 O-O 13. Bxc4 a6 14. e5 Ng4
15. Bf4 Kh8 16. O-O Rc8 17. Qf3 c5 18. Bxa6 Ra8 19. Bb5 cxd4 20. Qxg4 dxc3 21.
Rad1 Ra7 22. bxc3 Qc8 23. Rd3 Nc5 24. Rg3 Rg8 25. Rh3 g5 26. Be3 Rxa2 27. Rh5
Rg7 28. Rd1 Rb2 29. Bf1 Qc6 30. Bxg5 Ne4 31. h4 Nxg5 32. hxg5 Bc5 33. Rd8+ 1-0

[Event "Championnat de France - Open B"]
[Site "Belfort - SNPHHUATVS"]
[Date "2010.08.12"]
[Round "3.7"]
[White "Roullois, Jerome"]
[Black "Messinger, Karl"]
[Result "0-1"]
[WhiteElo "1910"]
[BlackElo "1870"]
[PlyCount "103"]

1. f4 d5 2. Nf3 c5 3. e3 Nf6 4. c3 Bg4 5. Na3 e6 6. Bb5+ Nbd7 7. O-O Bd6 8. Nc2
O-O 9. Bxd7 Qxd7 10. Qe1 Bxf3 11. Rxf3 e5 12. fxe5 Bxe5 13. b4 Qa4 14. d4 Qxc2
15. dxe5 Ne4 16. bxc5 Nxc5 17. Ba3 Rac8 18. Rh3 Qe4 19. Rb1 b6 20. Rb4 Qxe5 21.
Qh4 h6 22. Rg4 Kh7 23. Bc1 Qxc3 24. Bd2 Qa1+ 25. Kf2 Ne4+ 26. Rxe4 dxe4 27.
Qxe4+ f5 28. Qd4 Qxd4 29. exd4 Rc2 30. Rd3 Rxa2 31. d5 Rd8 32. d6 Rd7 33. Ke3
Ra4 34. Bc1 b5 35. Kf3 g5 36. Bb2 Kg6 37. g3 a5 38. Be5 Re4 39. Rd5 Kf7 40.
Rxb5 Ke6 41. Bc3 Rxd6 42. Bxa5 Ra4 43. Bc7 Rc6 44. Bb8 Ra3+ 45. Ke2 Ra2+ 46.
Kd3 Rxh2 47. Re5+ Kf6 48. Re8 Rh1 49. Rf8+ Kg6 50. Be5 Re6 51. Bd4 Rd1+ 52. Kc4
0-1

[Event "Championnat de France - Open B"]
[Site "Belfort - SNPHHUATVS"]
[Date "2010.08.12"]
[Round "3.8"]
[White "Hourlier, Claire"]
[Black "Bailly, Luc"]
[Result "1-0"]
[WhiteElo "1904"]
[BlackElo "1857"]
[PlyCount "69"]

1. e4 c5 2. d3 e6 3. g3 Nc6 4. Bg2 Be7 5. Nd2 Nf6 6. Nh3 d5 7. O-O O-O 8. f4
dxe4 9. dxe4 Qc7 10. Nf2 b6 11. c3 Ba6 12. Re1 Rad8 13. Qc2 Nd7 14. Nf3 c4 15.
Be3 Bb7 16. Rad1 Nc5 17. Nd4 a6 18. Bf1 b5 19. f5 e5 20. Nf3 Rxd1 21. Rxd1 Rd8
22. f6 gxf6 23. Nh4 Ne6 24. Ng4 Rxd1 25. Qxd1 Bc8 26. Nh6+ Kf8 27. Qh5 Ncd8 28.
N6f5 Bc5 29. Qxh7 Bxe3+ 30. Nxe3 Qb6 31. Nhf5 Ke8 32. Kg2 Ng5 33. Qh8+ Kd7 34.
Nd5 Qe6 35. Ng7 1-0